Educacion-cultura : revision del estado del arte de la investigacion cientifica nacional en relacion con el tema : informe final (Registro nro. 28670)

Detalles MARC
001 - NÚMERO DE CONTROL
campo de control 53834
005 - FECHA Y HORA DE LA ÚLTIMA TRANSACCIÓN
campo de control 20260504071830.0
008 - DATOS DE LONGITUD FIJA--INFORMACIÓN GENERAL
campo de control de longitud fija 960313s1980 spa
035 ## - NÚMERO DE CONTROL DEL SISTEMA
Número de control de sistema 53834
035 ## - NÚMERO DE CONTROL DEL SISTEMA
Número de control de sistema (OCoLC)778156556
040 ## - FUENTE DE LA CATALOGACIÓN
Centro/agencia transcriptor comduadb
041 ## - CÓDIGO DE LENGUA
Código de lengua del texto/banda sonora o título independiente spa
082 #4 - NÚMERO DE LA CLASIFICACIÓN DECIMAL DEWEY
Número de clasificación 370
110 20 - ENTRADA PRINCIPAL--NOMBRE DE ENTIDAD CORPORATIVA
Nombre de entidad corporativa o nombre de jurisdicción como elemento de entrada Instituto Ser de Investigacion
Código de función aut
Término indicativo de función/relación Autor/a
9 (RLIN) 828566
245 10 - MENCIÓN DE TÍTULO
Título Educacion-cultura : revision del estado del arte de la investigacion cientifica nacional en relacion con el tema : informe final
260 ## - PUBLICACIÓN, DISTRIBUCIÓN, ETC.
Lugar de publicación, distribución, etc. Bogotá :
Nombre del editor, distribuidor, etc. [sin publicador],
Fecha de publicación, distribución, etc. 1980.
300 ## - DESCRIPCIÓN FÍSICA
Extensión 87 hojas
650 #7 - PUNTO DE ACCESO ADICIONAL DE MATERIA--TÉRMINO DE MATERIA
Término de materia o nombre geográfico como elemento de entrada Antropología de la educación
Fuente del encabezamiento o término lemb
9 (RLIN) 10118
650 ## - PUNTO DE ACCESO ADICIONAL DE MATERIA--TÉRMINO DE MATERIA
Término de materia o nombre geográfico como elemento de entrada Investigación educativa
9 (RLIN) 4655
650 #7 - PUNTO DE ACCESO ADICIONAL DE MATERIA--TÉRMINO DE MATERIA
Término de materia o nombre geográfico como elemento de entrada Antropología de la educación
Fuente del encabezamiento o término lemb
9 (RLIN) 10118
700 10 - ENTRADA AGREGADA--NOMBRE PERSONAL
Nombre de persona Alvarado Acevedo, Alberto
Código de función aut
Número de control del registro de autoridad o número normalizado (isni)0000 0000 5555 4925
-- (viaf)13683075
Término indicativo de función/relación Autor/a
9 (RLIN) 258973
711 20 - ENTRADA AGREGADA--NOMBRE DE REUNIÓN
Nombre de congreso/reunión o jurisdicción como elemento de entrada Seminario de Investigacion Educativa (1980 : Bogota),
Código de función aut
Unidad subordinada aut
942 ## - ELEMENTOS DE ENTRADA AGREGADA (KOHA)
Tipo de ítem Koha Libros
Existencias
Estado de retiro Estado de pérdida Estado dañado No para préstamo Código de colección Localización permanente Ubicación/localización actual Fecha de adquisición Número de inventario Total de préstamos Signatura topográfica completa Código de barras Fecha visto por última vez Número de copia Precio válido a partir de Tipo de ítem Koha
        Colección Semiactiva Planta Baja Biblioteca Carlos Gaviria Díaz, Campus Medellín Biblioteca Carlos Gaviria Díaz, Campus Medellín 28/04/1998 C88587   370.1934 A472e 61000001446786 20/04/2023 1 20/04/2023 Libros